<?xml version="1.0" encoding="UTF-8"?>
<record
    xmlns:xsi="http://www.w3.org/2001/XMLSchema-instance"
    xsi:schemaLocation="http://www.loc.gov/MARC21/slim http://www.loc.gov/standards/marcxml/schema/MARC21slim.xsd"
    xmlns="http://www.loc.gov/MARC21/slim">

  <leader>00657nam a22002177a 4500</leader>
  <controlfield tag="005">20220608103426.0</controlfield>
  <controlfield tag="008">220608b           ||||| |||| 00| 0 eng d</controlfield>
  <datafield tag="020" ind1=" " ind2=" ">
    <subfield code="a">9789381784198</subfield>
  </datafield>
  <datafield tag="040" ind1=" " ind2=" ">
    <subfield code="a">IN-DiNC</subfield>
    <subfield code="c">IN-DiNC</subfield>
  </datafield>
  <datafield tag="041" ind1=" " ind2=" ">
    <subfield code="d">asm</subfield>
  </datafield>
  <datafield tag="082" ind1=" " ind2=" ">
    <subfield code="a">371.26</subfield>
    <subfield code="b">CHA</subfield>
  </datafield>
  <datafield tag="100" ind1=" " ind2=" ">
    <subfield code="a">Chaliha, Beda Kumar</subfield>
    <subfield code="e">author</subfield>
  </datafield>
  <datafield tag="245" ind1=" " ind2=" ">
    <subfield code="a">Shaikshik parimapan aru mulyayan/</subfield>
    <subfield code="c">by Beda Kumar Chaliha, Tarun Saikia and Runu Bora Saikia</subfield>
  </datafield>
  <datafield tag="250" ind1=" " ind2=" ">
    <subfield code="a">13th rev. ed.</subfield>
  </datafield>
  <datafield tag="260" ind1=" " ind2=" ">
    <subfield code="a">Jorhat:</subfield>
    <subfield code="b">Bidya bhawan,</subfield>
    <subfield code="c">2021</subfield>
  </datafield>
  <datafield tag="300" ind1=" " ind2=" ">
    <subfield code="a">553p.</subfield>
  </datafield>
  <datafield tag="650" ind1=" " ind2=" ">
    <subfield code="a">Measurement and evaluation in education</subfield>
  </datafield>
  <datafield tag="700" ind1=" " ind2=" ">
    <subfield code="a">Saikia, Tarun</subfield>
    <subfield code="e">author</subfield>
  </datafield>
  <datafield tag="700" ind1=" " ind2=" ">
    <subfield code="a">Saikia, Runu Bora</subfield>
    <subfield code="e">author</subfield>
  </datafield>
  <datafield tag="942" ind1=" " ind2=" ">
    <subfield code="2">ddc</subfield>
    <subfield code="c">BK</subfield>
  </datafield>
  <datafield tag="999" ind1=" " ind2=" ">
    <subfield code="c">11327</subfield>
    <subfield code="d">11327</subfield>
  </datafield>
  <datafield tag="952" ind1=" " ind2=" ">
    <subfield code="0">0</subfield>
    <subfield code="1">0</subfield>
    <subfield code="2">ddc</subfield>
    <subfield code="4">0</subfield>
    <subfield code="7">0</subfield>
    <subfield code="8">EDU</subfield>
    <subfield code="a">MAIN</subfield>
    <subfield code="b">MAIN</subfield>
    <subfield code="c">GEN</subfield>
    <subfield code="d">2022-06-08</subfield>
    <subfield code="g">380.00</subfield>
    <subfield code="l">8</subfield>
    <subfield code="o">371.26 CHA</subfield>
    <subfield code="p">28850</subfield>
    <subfield code="r">2026-03-28 05:26:25</subfield>
    <subfield code="s">2026-03-09</subfield>
    <subfield code="t">1</subfield>
    <subfield code="w">2022-06-08</subfield>
    <subfield code="y">BK</subfield>
  </datafield>
  <datafield tag="952" ind1=" " ind2=" ">
    <subfield code="0">0</subfield>
    <subfield code="1">0</subfield>
    <subfield code="2">ddc</subfield>
    <subfield code="4">0</subfield>
    <subfield code="7">0</subfield>
    <subfield code="8">EDU</subfield>
    <subfield code="a">MAIN</subfield>
    <subfield code="b">MAIN</subfield>
    <subfield code="c">GEN</subfield>
    <subfield code="d">2022-06-08</subfield>
    <subfield code="g">380.00</subfield>
    <subfield code="l">2</subfield>
    <subfield code="o">371.26 CHA</subfield>
    <subfield code="p">28851</subfield>
    <subfield code="r">2026-04-01 08:04:31</subfield>
    <subfield code="s">2026-03-13</subfield>
    <subfield code="t">2</subfield>
    <subfield code="w">2022-06-08</subfield>
    <subfield code="y">BK</subfield>
  </datafield>
  <datafield tag="952" ind1=" " ind2=" ">
    <subfield code="0">0</subfield>
    <subfield code="1">0</subfield>
    <subfield code="2">ddc</subfield>
    <subfield code="4">0</subfield>
    <subfield code="7">0</subfield>
    <subfield code="8">EDU</subfield>
    <subfield code="a">MAIN</subfield>
    <subfield code="b">MAIN</subfield>
    <subfield code="c">GEN</subfield>
    <subfield code="d">2022-06-08</subfield>
    <subfield code="g">380.00</subfield>
    <subfield code="l">3</subfield>
    <subfield code="o">371.26 CHA</subfield>
    <subfield code="p">28852</subfield>
    <subfield code="r">2025-09-09 09:00:58</subfield>
    <subfield code="s">2025-08-20</subfield>
    <subfield code="t">3</subfield>
    <subfield code="w">2022-06-08</subfield>
    <subfield code="y">BK</subfield>
  </datafield>
  <datafield tag="952" ind1=" " ind2=" ">
    <subfield code="0">0</subfield>
    <subfield code="1">0</subfield>
    <subfield code="2">ddc</subfield>
    <subfield code="4">0</subfield>
    <subfield code="7">0</subfield>
    <subfield code="8">EDU</subfield>
    <subfield code="a">MAIN</subfield>
    <subfield code="b">MAIN</subfield>
    <subfield code="c">GEN</subfield>
    <subfield code="d">2023-08-29</subfield>
    <subfield code="g">400.00</subfield>
    <subfield code="l">4</subfield>
    <subfield code="o">371.26 CHA</subfield>
    <subfield code="p">29491</subfield>
    <subfield code="r">2026-03-26 06:39:37</subfield>
    <subfield code="s">2026-03-05</subfield>
    <subfield code="t">4</subfield>
    <subfield code="w">2023-08-29</subfield>
    <subfield code="y">BK</subfield>
  </datafield>
  <datafield tag="952" ind1=" " ind2=" ">
    <subfield code="0">0</subfield>
    <subfield code="1">0</subfield>
    <subfield code="2">ddc</subfield>
    <subfield code="4">0</subfield>
    <subfield code="7">0</subfield>
    <subfield code="8">EDU</subfield>
    <subfield code="a">MAIN</subfield>
    <subfield code="b">MAIN</subfield>
    <subfield code="c">GEN</subfield>
    <subfield code="d">2023-08-29</subfield>
    <subfield code="g">400.00</subfield>
    <subfield code="l">4</subfield>
    <subfield code="o">371.26 CHA</subfield>
    <subfield code="p">29492</subfield>
    <subfield code="r">2025-09-05 07:28:00</subfield>
    <subfield code="s">2025-08-29</subfield>
    <subfield code="t">5</subfield>
    <subfield code="w">2023-08-29</subfield>
    <subfield code="y">BK</subfield>
  </datafield>
  <datafield tag="952" ind1=" " ind2=" ">
    <subfield code="0">0</subfield>
    <subfield code="1">0</subfield>
    <subfield code="2">ddc</subfield>
    <subfield code="4">0</subfield>
    <subfield code="7">0</subfield>
    <subfield code="8">EDU</subfield>
    <subfield code="a">MAIN</subfield>
    <subfield code="b">MAIN</subfield>
    <subfield code="c">GEN</subfield>
    <subfield code="d">2023-08-29</subfield>
    <subfield code="g">400.00</subfield>
    <subfield code="l">5</subfield>
    <subfield code="o">371.26 CHA</subfield>
    <subfield code="p">29493</subfield>
    <subfield code="r">2026-02-20 08:05:13</subfield>
    <subfield code="s">2026-01-29</subfield>
    <subfield code="t">6</subfield>
    <subfield code="w">2023-08-29</subfield>
    <subfield code="y">BK</subfield>
  </datafield>
</record>
